Making supervision work for you: a students guide (Record no. 82346)

MARC details
000 -LEADER
fixed length control field 00804nam a2200181 a 4500
008 - FIXED-LENGTH DATA ELEMENTS--GENERAL INFORMATION
fixed length control field 170112s2010 ||||||||||||||||| || u
020 ## - INTERNATIONAL STANDARD BOOK NUMBER
International Standard Book Number 9781848606180
050 ## - LIBRARY OF CONGRESS CALL NUMBER
Classification number LB 2371 Wel
100 ## - MAIN ENTRY--PERSONAL NAME
Personal name Wellington, Jerry
245 10 - TITLE STATEMENT
Title Making supervision work for you: a students guide
Statement of responsibility, etc. By Jerry Wellington
260 ## - PUBLICATION, DISTRIBUTION, ETC.
Place of publication, distribution, etc. London
Name of publisher, distributor, etc. SAGE Publications
Date of publication, distribution, etc. 2010
300 ## - PHYSICAL DESCRIPTION
Extent xii, 164p.
490 ## -
-- SAGE Study Skills
650 ## - SUBJECT ADDED ENTRY--TOPICAL TERM
Topical term or geographic name entry element GRADUATE STUDENTS--SUPERVISION
650 #0 - SUBJECT ADDED ENTRY--TOPICAL TERM
Topical term or geographic name entry element DISSERTATIONS, ACADEMIC
995 ## -
-- ANNEX COLLECTION (Main Library)
-- 747507
-- CBU-MAIN LIBRARY (Kitwe)
-- LB 2371 Wel
-- 1
-- AVAILABLE
-- Jan 25, 2017
-- 747507
-- Annex Low-Usage Collection
995 ## -
-- MAIN LIBRARY OPEN ACCESS
-- 747508
-- CBU-MAIN LIBRARY (Kitwe)
-- LB 2371 Wel
-- 2
-- AVAILABLE
-- Jan 25, 2017
-- 747508
-- Main Library Open Access Collection
999 ## -
-- 82346
-- 82346
Holdings
Withdrawn status Lost status Source of classification or shelving scheme Damaged status Not for loan Permanent Location Current Location Shelving location Date acquired Total Checkouts Full call number Barcode Date last seen Copy number Price effective from Koha item type
          CBU-MAIN LIBRARY, KITWE. CBU-MAIN LIBRARY, KITWE.   09/27/2023   LB 2371 Wel 747507 09/27/2023 1 09/27/2023 MONOGRAPH
          CBU-MAIN LIBRARY, KITWE. CBU-MAIN LIBRARY, KITWE.   09/27/2023   LB 2371 Wel 747508 09/27/2023 2 09/27/2023 MONOGRAPH